<?xml version="1.0" encoding="UTF-8"?>
<collection xmlns="http://www.loc.gov/MARC21/slim">
 <record>
  <leader>02040nam a22002537a 4500</leader>
  <controlfield tag="001">NCT_4_016193</controlfield>
  <controlfield tag="008">250117b        xxu||||| |||| 00| 0 vie d</controlfield>
  <datafield tag="999" ind1=" " ind2=" ">
   <subfield code="c">8773</subfield>
   <subfield code="d">8773</subfield>
  </datafield>
  <datafield tag="020" ind1=" " ind2=" ">
   <subfield code="a">9786048879938</subfield>
   <subfield code="c">135000</subfield>
  </datafield>
  <datafield tag="082" ind1="0" ind2="4">
   <subfield code="2">23rd ed.</subfield>
   <subfield code="a">338.47</subfield>
   <subfield code="b">A788</subfield>
  </datafield>
  <datafield tag="100" ind1="1" ind2=" ">
   <subfield code="a">Arthur, Charles</subfield>
  </datafield>
  <datafield tag="245" ind1="1" ind2="0">
   <subfield code="a">Cuộc chiến công nghệ số</subfield>
   <subfield code="c">Apple, Google, Microsoft : Trò chơi vương quyền trên không gian mạng</subfield>
   <subfield code="b">Charles Arthur ; Nguyễn Nguyên Khôi (dịch)</subfield>
  </datafield>
  <datafield tag="260" ind1=" " ind2=" ">
   <subfield code="a">H.</subfield>
   <subfield code="b">Dân trí</subfield>
   <subfield code="c">2019</subfield>
  </datafield>
  <datafield tag="300" ind1=" " ind2=" ">
   <subfield code="a">458 tr.</subfield>
   <subfield code="c">24cm</subfield>
  </datafield>
  <datafield tag="520" ind1="3" ind2=" ">
   <subfield code="a">Cuộc chiến công nghê số nói về ba công ty đã bị cuốn vào vòng xoáy của sự thay đổi là: Apple, Microsoft và Google. Ba công ty ấy liên tục tranh đấu kịch liệt với nhau rất nhiều lần để tranh giành quyền kiểm soát từng lĩnh vực một của thế giới kỹ thuật số. Cuốn sách mang đến những hiểu viết về công nghệ cũng như tương lai của chính chúng ta.</subfield>
  </datafield>
  <datafield tag="653" ind1=" " ind2=" ">
   <subfield code="a">Truyền thông đa phương tiện</subfield>
  </datafield>
  <datafield tag="700" ind1="1" ind2=" ">
   <subfield code="a">Nguyễn Nguyên Khôi</subfield>
   <subfield code="e">Dịch</subfield>
  </datafield>
  <datafield tag="942" ind1=" " ind2=" ">
   <subfield code="2">ddc</subfield>
   <subfield code="c">BK</subfield>
  </datafield>
  <datafield tag="952" ind1=" " ind2=" ">
   <subfield code="0">0</subfield>
   <subfield code="1">0</subfield>
   <subfield code="2">ddc</subfield>
   <subfield code="4">0</subfield>
   <subfield code="6">338_470000000000000_A788</subfield>
   <subfield code="7">0</subfield>
   <subfield code="9">30145</subfield>
   <subfield code="a">000001</subfield>
   <subfield code="b">000001</subfield>
   <subfield code="d">2025-01-17</subfield>
   <subfield code="o">338.47 A788</subfield>
   <subfield code="p">MD.23258</subfield>
   <subfield code="r">2025-01-17</subfield>
   <subfield code="v">135000.00</subfield>
   <subfield code="w">2025-01-17</subfield>
   <subfield code="y">BK</subfield>
  </datafield>
  <datafield tag="952" ind1=" " ind2=" ">
   <subfield code="0">0</subfield>
   <subfield code="1">0</subfield>
   <subfield code="2">ddc</subfield>
   <subfield code="4">0</subfield>
   <subfield code="6">338_470000000000000_A788</subfield>
   <subfield code="7">0</subfield>
   <subfield code="9">30146</subfield>
   <subfield code="a">000001</subfield>
   <subfield code="b">000001</subfield>
   <subfield code="d">2025-01-17</subfield>
   <subfield code="o">338.47 A788</subfield>
   <subfield code="p">MD.23259</subfield>
   <subfield code="r">2025-01-17</subfield>
   <subfield code="v">135000.00</subfield>
   <subfield code="w">2025-01-17</subfield>
   <subfield code="y">BK</subfield>
  </datafield>
  <datafield tag="952" ind1=" " ind2=" ">
   <subfield code="0">0</subfield>
   <subfield code="1">0</subfield>
   <subfield code="2">ddc</subfield>
   <subfield code="4">0</subfield>
   <subfield code="6">338_470000000000000_A788</subfield>
   <subfield code="7">0</subfield>
   <subfield code="9">30147</subfield>
   <subfield code="a">000001</subfield>
   <subfield code="b">000001</subfield>
   <subfield code="d">2025-01-17</subfield>
   <subfield code="o">338.47 A788</subfield>
   <subfield code="p">MD.23260</subfield>
   <subfield code="r">2025-01-17</subfield>
   <subfield code="v">135000.00</subfield>
   <subfield code="w">2025-01-17</subfield>
   <subfield code="y">BK</subfield>
  </datafield>
  <datafield tag="952" ind1=" " ind2=" ">
   <subfield code="0">0</subfield>
   <subfield code="1">0</subfield>
   <subfield code="2">ddc</subfield>
   <subfield code="4">0</subfield>
   <subfield code="6">338_470000000000000_A788</subfield>
   <subfield code="7">0</subfield>
   <subfield code="9">30148</subfield>
   <subfield code="a">000001</subfield>
   <subfield code="b">000001</subfield>
   <subfield code="d">2025-01-17</subfield>
   <subfield code="o">338.47 A788</subfield>
   <subfield code="p">MD.23261</subfield>
   <subfield code="r">2025-01-17</subfield>
   <subfield code="v">135000.00</subfield>
   <subfield code="w">2025-01-17</subfield>
   <subfield code="y">BK</subfield>
  </datafield>
  <datafield tag="952" ind1=" " ind2=" ">
   <subfield code="0">0</subfield>
   <subfield code="1">0</subfield>
   <subfield code="2">ddc</subfield>
   <subfield code="4">0</subfield>
   <subfield code="6">338_470000000000000_A788</subfield>
   <subfield code="7">0</subfield>
   <subfield code="9">30149</subfield>
   <subfield code="a">000001</subfield>
   <subfield code="b">000001</subfield>
   <subfield code="d">2025-01-17</subfield>
   <subfield code="o">338.47 A788</subfield>
   <subfield code="p">MD.23262</subfield>
   <subfield code="r">2025-01-17</subfield>
   <subfield code="v">135000.00</subfield>
   <subfield code="w">2025-01-17</subfield>
   <subfield code="y">BK</subfield>
  </datafield>
  <datafield tag="980" ind1=" " ind2=" ">
   <subfield code="a">Thư viện Trường Đại học Nam Cần Thơ</subfield>
  </datafield>
 </record>
</collection>
